00649 2200229 4500001002100000005001700021008004100038020002200079035002400101040001200125082001200137084001800149100001800167245006600185250001100251260004400262300002700306504003000333650002200363850001200385990002200397INLIS00000000002486320170118142331.0  a978-602-1219-11-9 0010-011700000000363 aYOPPDIY 223a110 aDEP 110 Jok M aJOKO SISWANTO aMetafisika wayang purwac/ Joko siswanto; Editor, Amin Ma'ruf aCet. 1 aYogyakartabFakultas Filsafat Ugmc2013 avi, 145 hlm.c; 23 cm. aBibliografi: hlm. 141-145 aMetafisika Wayang aYOPDYOG aCB.D-11/2013-2439